Fromages français - Zones d'origine sur une carte - Statistiques

Statistiques générales
  • Ce quiz a été pris 13 803 fois
  • Le résultat moyen est 10 sur 15
Réponses sur la Carte
Les réponses sont colorées sur une échelle allant du rouge au vert en fonction du pourcentage des utilisateurs qui les ont devinées à leur premier essai. Vous pouvez retrouver ces pourcentages ci-dessous.
 
Statistiques - réponses
Réponse % Correct
Camembert de Normandie
94%
Brocciu
76%
Reblochon
72%
Comté
70%
Neufchâtel
70%
Maroilles
67%
Cantal
65%
Sainte-maure-de-touraine
65%
Munster
64%
Ossau-Iraty
61%
Brie de Meaux
58%
Chaource
56%
Pelardon
52%
Saint-Nectaire
46%
Roquefort
34%
Aucun quiz correspondant
Distribution des résultats
% des personnes avec chaque résultat
Percentile par nombre de réponses
Votre historique - résultats
Vous n’avez pas pris ce quiz